[Event "EU-chT Seniors"]
[Site "Vienna"]
[Date "2015.07.19"]
[Round "8.5"]
[White "Mariotti, Sergio"]
[Black "Ackermann, Hans Werner"]
[Result "1-0"]
[WhiteElo "2295"]
[BlackElo "2297"]
[PlyCount "69"]
[EventDate "2015.07.12"]
[EventType "team-swiss"]
[EventRounds "9"]
[EventCountry "AUT"]
[SourceTitle "EXT 2018"]
[Source "ChessBase"]
[SourceDate "2017.10.13"]
[SourceVersion "1"]
[SourceVersionDate "2017.10.13"]
[SourceQuality "1"]
[WhiteTeam "Italy"]
[BlackTeam "Germany"]
[WhiteTeamCountry "ITA"]
[BlackTeamCountry "GER"]

1. Nf3 Nf6 2. c4 e6 3. g3 b6 4. Bg2 Bb7 5. 0-0 Be7 6. d4 0-0 7. Nc3 d6 8. d5 e5 9. Ne1 c6 10. e4 a6 11. dxc6 Nxc6 12. Nc2 Rc8 13. b3 Nd7 14. Bh3 Rb8 15. b4 Nf6 16. Re1 Re8 17. Nd5 b5 18. cxb5 axb5 19. Bf1 Ba6 20. Be3 Nxe4 21. a4 Nf6 22. Nc3 d5 23. axb5 Nxb4 24. bxa6 d4 25. Nxd4 exd4 26. Bxd4 Nc6 27. a7 Ra8 28. Bg2 Qc8 29. Nb5 Rd8 30. Rxe7 Nd5 31. Rxf7 Kxf7 32. Qh5+ Kg8 33. Bxd5+ Kh8 34. Bxg7+ Kxg7 35. Qg5+ 1-0

[Event "EU-chT Seniors"]
[Site "Vienna"]
[Date "2015.07.15"]
[Round "4.5"]
[White "Mariotti, Sergio"]
[Black "Hammar, Bengt Erik"]
[Result "1-0"]
[WhiteElo "2295"]
[BlackElo "2167"]
[PlyCount "41"]
[EventDate "2015.07.12"]
[EventType "team-swiss"]
[EventRounds "9"]
[EventCountry "AUT"]
[SourceTitle "EXT 2018"]
[Source "ChessBase"]
[SourceDate "2017.10.13"]
[SourceVersion "1"]
[SourceVersionDate "2017.10.13"]
[SourceQuality "1"]
[WhiteTeam "Italy"]
[BlackTeam "Sweden"]
[WhiteTeamCountry "ITA"]
[BlackTeamCountry "SWE"]

1. d4 Nf6 2. Nf3 g6 3. g3 Bg7 4. Bg2 0-0 5. 0-0 d6 6. c4 Nbd7 7. Nc3 e5 8. e4 c6 9. Rb1 Re8 10. h3 a6 11. a3 b5 12. c5 exd4 13. Nxd4 Nxc5 14. Nxc6 Qc7 15. Nb4 Ncxe4 16. Nxe4 Nxe4 17. Nd5 Qd8 18. Re1 f5 19. f3 Nf6 20. Nxf6+ Bxf6 21. Qd5+ 1-0

[Event "ITA-chT 46th"]
[Site "Condino"]
[Date "2014.05.03"]
[Round "6.2"]
[White "Salgado Lopez, Ivan"]
[Black "Mariotti, Sergio"]
[Result "1-0"]
[WhiteElo "2612"]
[BlackElo "2295"]
[PlyCount "75"]
[EventDate "2014.04.30"]
[EventType "team-swiss"]
[EventRounds "7"]
[EventCountry "ITA"]
[SourceTitle "CBM 160 Extra"]
[Source "ChessBase"]
[SourceDate "2014.07.01"]
[SourceVersion "1"]
[SourceVersionDate "2014.07.01"]
[SourceQuality "1"]
[WhiteTeam "Chieti"]
[BlackTeam "Augusta Perusia"]
[WhiteTeamCountry "ITA"]
[BlackTeamCountry "ITA"]

1. e4 e5 2. Nf3 Nc6 3. Bb5 a6 4. Ba4 Nf6 5. 0-0 Be7 6. Re1 b5 7. Bb3 0-0 8. a4 Rb8 9. axb5 axb5 10. c3 d6 11. d4 exd4 12. cxd4 d5 13. e5 Ne4 14. Nc3 Nxc3 15. bxc3 Be6 16. Bd2 b4 17. Ba4 bxc3 18. Bxc3 Rb6 19. Qd2 Qc8 20. Rec1 h6 21. Bxc6 Rxc6 22. Bb4 Bxb4 23. Qxb4 Rc4 24. Qa3 Qb7 25. Rcb1 Qc6 26. Qe3 Ra8 27. h3 Rxa1 28. Rxa1 Rc3 29. Qf4 Qb7 30. Rc1 Rc4 31. Ra1 Qb2 32. Ra8+ Kh7 33. Kh2 c5 34. Ng5+ hxg5 35. Qxg5 Qc1 36. f4 Qd1 37. f5 Rxd4 38. f6 1-0

[Event "EU-chT Seniors 15th"]
[Site "Dresden"]
[Date "2013.07.28"]
[Round "9"]
[White "Pushkov, Nikolai"]
[Black "Mariotti, Sergio"]
[Result "1/2-1/2"]
[WhiteElo "2396"]
[BlackElo "2295"]
[PlyCount "87"]
[EventDate "2013.07.20"]
[EventType "team-swiss"]
[EventRounds "9"]
[EventCountry "GER"]
[SourceTitle "CBM 155 Extra"]
[Source "ChessBase"]
[SourceDate "2013.08.26"]
[SourceVersion "1"]
[SourceVersionDate "2013.08.26"]
[SourceQuality "1"]
[WhiteTeam "Russia"]
[BlackTeam "Italy"]
[WhiteTeamCountry "RUS"]
[BlackTeamCountry "ITA"]

1. d4 Nf6 2. Nf3 g6 3. c4 Bg7 4. Nc3 c5 5. e4 cxd4 6. Nxd4 d6 7. Be2 0-0 8. Be3 Nc6 9. Qd2 Bd7 10. 0-0 Nxd4 11. Bxd4 Bc6 12. f3 a5 13. b3 Nd7 14. Be3 Nc5 15. Rab1 Qb6 16. Rfd1 Qb4 17. Nd5 Bxd5 18. exd5 Qxd2 19. Rxd2 Bc3 20. Rc2 Bb4 21. Bd1 Rfb8 22. a4 Re8 23. Re2 e6 24. dxe6 Rxe6 25. Bd4 Rae8 26. Kf1 f5 27. Rbb2 Kf7 28. Rxe6 Nxe6 29. Bf2 Bc5 30. Rd2 Bxf2 31. Kxf2 Ke7 32. g3 Kd7 33. h4 Nc5 34. Rd5 Re5 35. Rd4 Ne6 36. Rd2 f4 37. gxf4 Nxf4 38. Bc2 Ne6 39. Rd1 Ke7 40. Rb1 Kd7 41. Be4 Nc5 42. Bc2 Ne6 43. Be4 Nc5 44. Bc2 1/2-1/2

[Event "EU-chT Seniors 15th"]
[Site "Dresden"]
[Date "2013.07.27"]
[Round "8"]
[White "Mariotti, Sergio"]
[Black "Roofthoofd, Marcel"]
[Result "1/2-1/2"]
[WhiteElo "2295"]
[BlackElo "2196"]
[PlyCount "26"]
[EventDate "2013.07.20"]
[EventType "team-swiss"]
[EventRounds "9"]
[EventCountry "GER"]
[SourceTitle "CBM 155 Extra"]
[Source "ChessBase"]
[SourceDate "2013.08.26"]
[SourceVersion "1"]
[SourceVersionDate "2013.08.26"]
[SourceQuality "1"]
[WhiteTeam "Italy"]
[BlackTeam "Belgium"]
[WhiteTeamCountry "ITA"]
[BlackTeamCountry "BEL"]

1. d4 d5 2. c4 c6 3. cxd5 cxd5 4. Be3 Nf6 5. Nf3 Nc6 6. Bf4 Nh5 7. Bd2 g6 8. e3 Bg7 9. Be2 0-0 10. Ne5 Nxe5 11. dxe5 d4 12. exd4 Qxd4 13. Bxh5 gxh5 1/2-1/2

[Event "EU-chT Seniors 15th"]
[Site "Dresden"]
[Date "2013.07.26"]
[Round "7"]
[White "Haakert, Juergen"]
[Black "Mariotti, Sergio"]
[Result "1/2-1/2"]
[WhiteElo "2385"]
[BlackElo "2295"]
[PlyCount "38"]
[EventDate "2013.07.20"]
[EventType "team-swiss"]
[EventRounds "9"]
[EventCountry "GER"]
[SourceTitle "CBM 155 Extra"]
[Source "ChessBase"]
[SourceDate "2013.08.26"]
[SourceVersion "1"]
[SourceVersionDate "2013.08.26"]
[SourceQuality "1"]
[WhiteTeam "Germany"]
[BlackTeam "Italy"]
[WhiteTeamCountry "GER"]
[BlackTeamCountry "ITA"]

1. Nf3 Nf6 2. d4 d5 3. c4 c6 4. e3 e6 5. Bd3 Nbd7 6. 0-0 Bd6 7. Nbd2 h6 8. e4 dxe4 9. Nxe4 Nxe4 10. Bxe4 Nf6 11. Bc2 c5 12. Ba4+ Bd7 13. dxc5 Bxc5 14. Ne5 Bxa4 15. Qxa4+ Ke7 16. Bf4 Qc8 17. Nd3 Rd8 18. Nxc5 Qxc5 19. Be3 Qc6 1/2-1/2

[Event "EU-chT Seniors 15th"]
[Site "Dresden"]
[Date "2013.07.24"]
[Round "5"]
[White "Mariotti, Sergio"]
[Black "Kupreichik, Viktor D"]
[Result "1/2-1/2"]
[WhiteElo "2295"]
[BlackElo "2446"]
[PlyCount "31"]
[EventDate "2013.07.20"]
[EventType "team-swiss"]
[EventRounds "9"]
[EventCountry "GER"]
[SourceTitle "CBM 155 Extra"]
[Source "ChessBase"]
[SourceDate "2013.08.26"]
[SourceVersion "1"]
[SourceVersionDate "2013.08.26"]
[SourceQuality "1"]
[WhiteTeam "Italy"]
[BlackTeam "Belarus"]
[WhiteTeamCountry "ITA"]
[BlackTeamCountry "BLR"]

1. Nf3 d5 2. d4 c6 3. e3 Bf5 4. Bd3 Bxd3 5. Qxd3 Nd7 6. Nbd2 Ngf6 7. 0-0 e6 8. e4 dxe4 9. Nxe4 Be7 10. c3 0-0 11. Rd1 Qc7 12. Bg5 Rfd8 13. Qe2 h6 14. Bh4 Qf4 15. Nxf6+ Bxf6 16. Bxf6 1/2-1/2

[Event "EU-chT Seniors 15th"]
[Site "Dresden"]
[Date "2013.07.22"]
[Round "3"]
[White "Mariotti, Sergio"]
[Black "James, Geoffrey H"]
[Result "1/2-1/2"]
[WhiteElo "2295"]
[BlackElo "2191"]
[PlyCount "79"]
[EventDate "2013.07.20"]
[EventType "team-swiss"]
[EventRounds "9"]
[EventCountry "GER"]
[SourceTitle "CBM 155 Extra"]
[Source "ChessBase"]
[SourceDate "2013.08.26"]
[SourceVersion "1"]
[SourceVersionDate "2013.08.26"]
[SourceQuality "1"]
[WhiteTeam "Italy"]
[BlackTeam "England"]
[WhiteTeamCountry "ITA"]
[BlackTeamCountry "ENG"]

1. e4 e5 2. Nf3 Nc6 3. g3 Nf6 4. Nc3 Bc5 5. Bg2 d6 6. h3 0-0 7. d3 a6 8. 0-0 h6 9. Be3 Bxe3 10. fxe3 Be6 11. Nh4 Kh7 12. d4 Ne7 13. Qd3 Nh5 14. g4 Ng8 15. Nf3 Nhf6 16. dxe5 dxe5 17. Nxe5 c6 18. Qxd8 Raxd8 19. Rfd1 Ne7 20. Na4 Ng6 21. Nxg6 Kxg6 22. Rd4 Rde8 23. Kf2 Nd7 24. Rad1 Ne5 25. Nc5 Bc8 26. Nd3 f6 27. Kg3 Kh7 28. b3 Re7 29. a4 a5 30. Nf2 Nd7 31. Rd6 Nc5 32. Rd8 Ree8 33. Rxe8 Rxe8 34. Rd6 Kg8 35. Nd3 Nd7 36. Nb2 Ne5 37. c3 Kf8 38. b4 Ke7 39. Rd4 b6 40. Bf1 1/2-1/2

[Event "Cagliari Torre delle Stelle op-A 1st"]
[Site "Cagliari"]
[Date "2011.06.25"]
[Round "5"]
[White "Mariotti, Sergio"]
[Black "Brunello, Sabino"]
[Result "0-1"]
[WhiteElo "2329"]
[BlackElo "2537"]
[PlyCount "96"]
[EventDate "2011.06.22"]
[EventType "swiss"]
[EventRounds "7"]
[EventCountry "ITA"]
[SourceTitle "CBM 143 Extra"]
[Source "ChessBase"]
[SourceDate "2011.08.29"]
[SourceVersion "1"]
[SourceVersionDate "2011.08.29"]
[SourceQuality "1"]

1. d4 Nf6 2. Nf3 e6 3. c4 c5 4. e3 cxd4 5. exd4 d5 6. Nc3 Be7 7. a3 0-0 8. Bd3 dxc4 9. Bxc4 b6 10. Qe2 Nc6 11. Be3 Bb7 12. 0-0 Qc7 13. Rac1 Rad8 14. h3 Qb8 15. Rfd1 Qa8 16. Ba6 Bxa6 17. Qxa6 Nd5 18. Nxd5 Rxd5 19. Rd2 Bf6 20. Rdc2 Ra5 21. Qd3 Ne7 22. Bd2 Rf5 23. Bb4 Rd8 24. Bxe7 Bxe7 25. Qa6 Ra5 26. Qc8 Qd5 27. Qc7 Bf6 28. Ne5 Bxe5 29. dxe5 h5 30. Qe7 Rd7 31. Qe8+ Kh7 32. Rc8 Rc5 33. R8xc5 bxc5 34. Rxc5 Qd1+ 35. Kh2 Qd4 36. Rc4 Qxe5+ 37. f4 Qd5 38. Rc5 Qxc5 39. Qxd7 Qf5 40. Qxa7 Qxf4+ 41. Kh1 e5 42. b4 e4 43. Qd4 g5 44. Kg1 Kg6 45. b5 g4 46. hxg4 hxg4 47. b6 g3 48. Qb2 Qh6 0-1

[Event "Torre delle Stelle op 1st"]
[Site "Sinnai"]
[Date "2011.06.24"]
[Round "4"]
[White "Huguet Mainar, Sergio"]
[Black "Mariotti, Sergio"]
[Result "0-1"]
[WhiteElo "2139"]
[BlackElo "2329"]
[PlyCount "134"]
[EventDate "2011.06.22"]
[EventType "swiss"]
[EventRounds "7"]
[EventCountry "ITA"]
[SourceTitle "EXT 2023"]
[Source "ChessBase"]
[SourceDate "2022.10.05"]
[SourceVersion "1"]
[SourceVersionDate "2022.10.05"]
[SourceQuality "1"]

1. e4 c5 2. c3 Nf6 3. e5 Nd5 4. d4 cxd4 5. Nf3 Nc6 6. cxd4 d6 7. Bc4 Nb6 8. Bb5 dxe5 9. Nxe5 Bd7 10. Bxc6 Bxc6 11. Nxc6 bxc6 12. Nc3 g6 13. Be3 Bg7 14. Qf3 Nd5 15. 0-0 Rb8 16. Rab1 0-0 17. Ne4 Qa5 18. Nc5 Rfd8 19. a3 Qb5 20. h4 Nb6 21. a4 Nxa4 22. Nxa4 Qxa4 23. Ra1 Qb5 24. Rxa7 Rb7 25. Rxb7 Qxb7 26. Rc1 Bxd4 27. Bxd4 Rxd4 28. Qxc6 Qxb2 29. g3 Qe2 30. Kg2 Qe4+ 31. Qxe4 Rxe4 32. Rc5 h5 33. Rc7 Kg7 34. Kf3 Re1 35. Rc6 e6 36. Ra6 Kf6 37. Ra7 Rc1 38. Rb7 Rc3+ 39. Kg2 e5 40. Rb6+ Kf5 41. Rb7 f6 42. Rb6 Rc2 43. Ra6 Rd2 44. Rb6 Rd5 45. Ra6 Rd4 46. Rb6 g5 47. hxg5 Kxg5 48. Rb8 h4 49. gxh4+ Rxh4 50. Rb5 Rc4 51. Rb6 f5 52. Rb5 Kf4 53. Ra5 Rc2 54. Ra4+ e4 55. Ra3 Rd2 56. Rb3 Ra2 57. Rc3 Kg5 58. Rg3+ Kf6 59. Rb3 f4 60. Kg1 Kf5 61. Rc3 Kg4 62. Rb3 Ra1+ 63. Kg2 e3 64. fxe3 f3+ 65. Kh2 f2 66. Rb4+ Kf3 67. Rf4+ Kxe3 0-1

[Event "Torre delle Stelle op 1st"]
[Site "Sinnai"]
[Date "2011.06.23"]
[Round "2"]
[White "Kogan, Artur"]
[Black "Mariotti, Sergio"]
[Result "1-0"]
[WhiteElo "2556"]
[BlackElo "2329"]
[PlyCount "175"]
[EventDate "2011.06.22"]
[EventType "swiss"]
[EventRounds "7"]
[EventCountry "ITA"]
[SourceTitle "EXT 2023"]
[Source "ChessBase"]
[SourceDate "2022.10.05"]
[SourceVersion "1"]
[SourceVersionDate "2022.10.05"]
[SourceQuality "1"]

1. d4 Nf6 2. Nf3 d5 3. c4 c6 4. e3 g6 5. Nbd2 Bg7 6. b4 0-0 7. Bb2 Nbd7 8. Be2 a5 9. a3 dxc4 10. Nxc4 axb4 11. axb4 Rxa1 12. Qxa1 Nd5 13. Qa3 N7b6 14. Na5 Na8 15. 0-0 Qb6 16. Nc4 Qa6 17. Qxa6 bxa6 18. Na5 Bd7 19. Rc1 Rb8 20. Ba3 Nac7 21. Nxc6 Bxc6 22. Rxc6 Nb5 23. Rxa6 Nxa3 24. Rxa3 Rxb4 25. Ra8+ Bf8 26. Ne5 Rb1+ 27. Bf1 Nf6 28. g4 Rb7 29. Rd8 h6 30. Kg2 e6 31. Be2 Kg7 32. Bf3 Rc7 33. h3 Be7 34. Ra8 Nd7 35. Nc6 Bh4 36. Ra2 Nb6 37. Ra6 Nc8 38. Ra2 Ne7 39. Ne5 Bf6 40. Nd3 g5 41. Be4 Nc8 42. Ra6 Be7 43. Ne5 Bd6 44. Nf3 Ra7 45. Rxa7 Nxa7 46. Kf1 Kf8 47. Ke2 Ke7 48. Kd3 Nb5 49. Bc6 Nc7 50. Ke4 Na6 51. Nd2 Nb4 52. Ba8 Bh2 53. f4 gxf4 54. exf4 h5 55. Nf3 Bg3 56. gxh5 f5+ 57. Ke3 Nc2+ 58. Kd3 Ne1+ 59. Nxe1 Bxe1 60. Bb7 Bh4 61. Bc8 Bf6 62. d5 exd5 63. h6 Bb2 64. h7 Kf7 65. Bxf5 Kg7 66. Ke3 Bc1+ 67. Kf3 Bb2 68. Bd3 Kf7 69. Kg4 Bh8 70. h4 Kf6 71. h5 Bg7 72. h6 Bh8 73. Kh4 Ke6 74. Kg5 Kf7 75. Kf5 Bf6 76. Bc2 d4 77. Bb3+ Ke7 78. Bc4 Bh8 79. Bd3 Kf7 80. Kg5 Bf6+ 81. Kh5 Bh8 82. Kg5 Bf6+ 83. Kf5 Bh8 84. Bc4+ Ke7 85. Kg6 Kf8 86. Bd3 Ke7 87. f5 Be5 88. h8Q 1-0

[Event "Torre delle Stelle op 1st"]
[Site "Sinnai"]
[Date "2011.06.23"]
[Round "3"]
[White "Mariotti, Sergio"]
[Black "Grinza, Andrea"]
[Result "1-0"]
[WhiteElo "2329"]
[BlackElo "2109"]
[PlyCount "57"]
[EventDate "2011.06.22"]
[EventType "swiss"]
[EventRounds "7"]
[EventCountry "ITA"]
[SourceTitle "EXT 2023"]
[Source "ChessBase"]
[SourceDate "2022.10.05"]
[SourceVersion "1"]
[SourceVersionDate "2022.10.05"]
[SourceQuality "1"]

1. e4 c6 2. d4 d5 3. Nc3 dxe4 4. Nxe4 Bf5 5. Ng3 Bg6 6. h4 h6 7. Nf3 Nd7 8. Bd3 Bxd3 9. Qxd3 e6 10. Bf4 Qa5+ 11. Bd2 Bb4 12. c3 Be7 13. a4 Ngf6 14. 0-0 0-0 15. b4 Qc7 16. c4 Rfd8 17. Qe2 Bd6 18. Ne4 Nxe4 19. Qxe4 Nf6 20. Qe2 Qe7 21. Rab1 Rd7 22. g3 Rad8 23. Bc3 Bb8 24. Rfe1 a6 25. a5 Ng4 26. Qe4 h5 27. Re2 Nh6 28. Rbe1 Nf5 29. Qxf5 1-0

[Event "Torre delle Stelle op 1st"]
[Site "Sinnai"]
[Date "2011.06.22"]
[Round "1"]
[White "Mariotti, Sergio"]
[Black "Mameli, Gianluca"]
[Result "1-0"]
[WhiteElo "2329"]
[BlackElo "1945"]
[PlyCount "35"]
[EventDate "2011.06.22"]
[EventType "swiss"]
[EventRounds "7"]
[EventCountry "ITA"]
[SourceTitle "EXT 2023"]
[Source "ChessBase"]
[SourceDate "2022.10.05"]
[SourceVersion "1"]
[SourceVersionDate "2022.10.05"]
[SourceQuality "1"]

1. e4 e6 2. d4 d5 3. Nd2 Nf6 4. e5 Nfd7 5. c3 c5 6. Bd3 Nc6 7. Ne2 a5 8. Nf3 c4 9. Bc2 b5 10. Nf4 Nb6 11. h4 Qc7 12. Rh3 Ne7 13. Ng5 Ng6 14. Nxg6 hxg6 15. h5 Rxh5 16. Rxh5 gxh5 17. Qxh5 g6 18. Qh7 1-0

[Event "EU-chT Seniors"]
[Site "Thessaloniki"]
[Date "2011.05.05"]
[Round "3"]
[White "Mariotti, Sergio"]
[Black "Ager, Josef"]
[Result "1/2-1/2"]
[WhiteElo "2329"]
[BlackElo "2188"]
[PlyCount "50"]
[EventDate "2011.05.03"]
[EventType "team-swiss"]
[EventRounds "9"]
[EventCountry "GRE"]
[SourceTitle "CBM 142 Extra"]
[Source "ChessBase"]
[SourceDate "2011.06.27"]
[SourceVersion "1"]
[SourceVersionDate "2011.06.27"]
[SourceQuality "1"]
[WhiteTeam "Italy"]
[BlackTeam "Austria"]
[WhiteTeamCountry "ITA"]
[BlackTeamCountry "AUT"]

1. c4 g6 2. Nc3 Bg7 3. g3 e6 4. Bg2 Ne7 5. d4 d5 6. cxd5 exd5 7. Nf3 0-0 8. 0-0 Nbc6 9. h3 Nf5 10. e3 Nce7 11. b3 c6 12. a4 a5 13. Ba3 Re8 14. Ne5 Nd6 15. Qd2 Nef5 16. Rfe1 Be6 17. Rac1 Bf8 18. Qc2 f6 19. Nd3 Bf7 20. Bb2 Bg7 21. Rcd1 Rc8 22. Qb1 b6 23. Ba3 g5 24. Bxd6 Nxd6 25. b4 axb4 1/2-1/2

[Event "ITA-ch sf"]
[Site "Italy"]
[Date "1998.??.??"]
[Round "?"]
[White "Mariotti, Sergio"]
[Black "Aldrovandi, Costantino"]
[Result "1/2-1/2"]
[WhiteElo "2380"]
[BlackElo "2235"]
[PlyCount "39"]
[EventDate "1998.??.??"]
[EventType "swiss"]
[EventRounds "9"]
[EventCountry "ITA"]
[SourceTitle "EXT 2000"]
[Source "ChessBase"]
[SourceDate "1999.11.16"]
[SourceVersion "1"]
[SourceVersionDate "1999.11.16"]
[SourceQuality "1"]

1. d4 Nf6 2. Nf3 g6 3. g3 Bg7 4. Bg2 0-0 5. 0-0 d6 6. b3 c5 7. Bb2 Qc7 8. c4 b6 9. Nc3 Bb7 10. d5 a6 11. Nd2 Nbd7 12. e4 e6 13. Re1 Rae8 14. a4 Re7 15. Qc2 Rfe8 16. Nf3 Bc8 17. Qd2 exd5 18. exd5 Ne5 19. Nxe5 Rxe5 20. Rxe5 1/2-1/2

[Event "Montecatini Terme op"]
[Site "Montecatini Terme"]
[Date "1998.??.??"]
[Round "8"]
[White "Mariotti, Sergio"]
[Black "Genocchio, Daniele"]
[Result "1/2-1/2"]
[WhiteElo "2380"]
[BlackElo "2155"]
[PlyCount "24"]
[EventDate "1998.??.??"]
[EventType "swiss"]
[EventRounds "9"]
[EventCountry "ITA"]
[SourceTitle "EXT 2000"]
[Source "ChessBase"]
[SourceDate "1999.11.16"]
[SourceVersion "1"]
[SourceVersionDate "1999.11.16"]
[SourceQuality "1"]

1. e4 e5 2. Nf3 Nc6 3. Bc4 Bc5 4. d3 d6 5. Nc3 Nf6 6. Bg5 h6 7. Bxf6 Qxf6 8. Nd5 Qd8 9. c3 Bg4 10. h3 Bh5 11. Qe2 a6 12. Bb3 0-0 1/2-1/2

[Event "ITA-ch sf"]
[Site "Italy"]
[Date "1998.??.??"]
[Round "?"]
[White "Mariotti, Sergio"]
[Black "Mariano, Elia"]
[Result "1-0"]
[WhiteElo "2380"]
[BlackElo "2205"]
[PlyCount "51"]
[EventDate "1998.??.??"]
[EventType "swiss"]
[EventRounds "9"]
[EventCountry "ITA"]
[SourceTitle "EXT 2000"]
[Source "ChessBase"]
[SourceDate "1999.11.16"]
[SourceVersion "1"]
[SourceVersionDate "1999.11.16"]
[SourceQuality "1"]

1. Nf3 Nf6 2. c4 c5 3. Nc3 Nc6 4. g3 g6 5. Bg2 Bg7 6. d4 cxd4 7. Nxd4 Nxd4 8. Qxd4 0-0 9. 0-0 d6 10. Qd3 Rb8 11. Bd2 Bd7 12. Rfd1 Bc6 13. e4 a6 14. Rac1 Qd7 15. b3 Rfc8 16. h3 b5 17. cxb5 axb5 18. Nd5 Bxd5 19. exd5 h6 20. Be3 Qb7 21. Rc6 Nd7 22. Rdc1 b4 23. Qc4 Rd8 24. Rc7 Qb5 25. Qe4 Bf6 26. Bf1 1-0

[Event "ITA-chT sf"]
[Site "Italy"]
[Date "1998.??.??"]
[Round "?"]
[White "Mariotti, Sergio"]
[Black "Rivello, Roberto"]
[Result "1/2-1/2"]
[WhiteElo "2380"]
[BlackElo "2280"]
[PlyCount "118"]
[EventDate "1998.??.??"]
[EventType "team"]
[EventRounds "1"]
[EventCountry "ITA"]
[SourceTitle "EXT 1999"]
[Source "ChessBase"]
[SourceDate "1998.11.16"]
[SourceVersion "1"]
[SourceVersionDate "1998.11.16"]
[SourceQuality "1"]

1. d4 Nf6 2. Nf3 g6 3. g3 Bg7 4. Bg2 d6 5. 0-0 0-0 6. b3 Nbd7 7. Bb2 e5 8. dxe5 Ng4 9. c4 dxe5 10. h3 Nh6 11. e4 f6 12. Ba3 Re8 13. Nc3 Bf8 14. Bxf8 Rxf8 15. Qc1 Nf7 16. Rd1 c6 17. Qa3 a5 18. Rd2 Qb6 19. Na4 Qb4 20. Qb2 Re8 21. a3 Qe7 22. Qc2 Nc5 23. Nb6 Ra6 24. Nxc8 Rxc8 25. Rb1 Raa8 26. b4 axb4 27. axb4 Ne6 28. c5 Rd8 29. Rbd1 Rxd2 30. Rxd2 Rd8 31. h4 Rxd2 32. Qxd2 Qd8 33. Qxd8+ Nfxd8 34. Bf1 Kf8 35. Bc4 Ke7 36. Kf1 Kd7 37. Ke2 Kc7 38. Ke3 b6 39. cxb6+ Kxb6 40. Ne1 c5 41. Nd3 cxb4 42. Nxb4 Kc5 43. Bxe6 Nxe6 44. Nd5 f5 45. exf5 gxf5 46. Nf6 Nf8 47. g4 fxg4 48. Ke4 g3 49. fxg3 Kd6 50. Kf5 Ke7 51. Kxe5 Kf7 52. Kf5 h6 53. Ng4 Kg7 54. Ne5 Nh7 55. Nd7 Kf7 56. Ne5+ Kg7 57. Ng4 Nf8 58. Nf6 Kf7 59. Ne4 Nh7 1/2-1/2

[Event "Montecatini Terme op"]
[Site "Montecatini Terme"]
[Date "1998.??.??"]
[Round "2"]
[White "Mariotti, Sergio"]
[Black "Yudasin, Leonid"]
[Result "0-1"]
[WhiteElo "2380"]
[BlackElo "2540"]
[PlyCount "48"]
[EventDate "1998.??.??"]
[EventType "swiss"]
[EventRounds "9"]
[EventCountry "ITA"]
[SourceTitle "EXT 2000"]
[Source "ChessBase"]
[SourceDate "1999.11.16"]
[SourceVersion "1"]
[SourceVersionDate "1999.11.16"]
[SourceQuality "1"]

1. e4 c5 2. Nf3 d6 3. Bb5+ Nd7 4. d4 Ngf6 5. Nc3 cxd4 6. Qxd4 e5 7. Qd3 h6 8. Nd2 Be7 9. Nc4 0-0 10. Bxd7 Bxd7 11. Ne3 Rc8 12. g4 Nxg4 13. Nxg4 Bxg4 14. Rg1 h5 15. h3 Be6 16. Qf3 f5 17. Bh6 Rf7 18. exf5 Bf8 19. Qxh5 Bxf5 20. 0-0-0 b5 21. Rd2 b4 22. Nd5 Qa5 23. Bxg7 Bxg7 24. Rxg7+ Kxg7 0-1

[Event "ITA-ch sf"]
[Site "Italy"]
[Date "1998.??.??"]
[Round "?"]
[White "Vezzosi, Paolo"]
[Black "Mariotti, Sergio"]
[Result "1/2-1/2"]
[WhiteElo "2275"]
[BlackElo "2380"]
[PlyCount "20"]
[EventDate "1998.??.??"]
[EventType "swiss"]
[EventRounds "9"]
[EventCountry "ITA"]
[SourceTitle "EXT 2000"]
[Source "ChessBase"]
[SourceDate "1999.11.16"]
[SourceVersion "1"]
[SourceVersionDate "1999.11.16"]
[SourceQuality "1"]

1. e4 c5 2. Nf3 d6 3. d4 cxd4 4. Nxd4 Nf6 5. Nc3 a6 6. Be2 e6 7. f4 Qc7 8. 0-0 Be7 9. Be3 Nc6 10. Qe1 0-0 1/2-1/2